000 01015nam a22002537a 4500
001 BD-DhSAU 7469
003 BD-DhSAU
005 20231003154841.0
008 150422b2006 bg ||||| m||m 00| 0 eng d
040 _aBD-DhSAU
082 _222
_a631.4
_bIs41
100 _aISLAM, MD. ARIFUL
_eRegistration No. # 19-10233
245 _aEffect of nitrogen and zinc on the growth and yield of onion (bari peyaj- 6) /
_bMS thesis
260 _aSher-e- Bangla Agricultural University:
_bDepartment of Soil Science,
_c2021.
300 _ax, 72p.:
_b30 cm.
500 _aMS thesis of Department of Soil Science, Faculty of Agriculture , Sher-e-Bangla Agricultural University, Dhaka, Bangladesh
590 _aNamul
650 _anitrogen and zinc
651 _aonion (bari peyaj- 6)
700 _aProf. Dr. Mst. Sharmin Sultana
_eSuperviser
700 _aProf. Dr. Alok Kumar Paul
_eCo-Superviser
856 _uhttp://archive.saulibrary.edu.bd:8080/xmlui/handle/123456789/4953
942 _2ddc
_cTHESIS
999 _c17074
_d17073